Catálogo

Contabilidad avanzada / (Registro nro. 64865)

Detalles MARC
000 -LEADER
fixed length control field 00902cam a2200277 i 4500
001 - CONTROL NUMBER
control field 64865
003 - CONTROL NUMBER IDENTIFIER
control field Mx-PuUPA
005 - DATE AND TIME OF LATEST TRANSACTION
control field 20210403210546.0
008 - FIXED-LENGTH DATA ELEMENTS--GENERAL INFORMATION
fixed length control field 080604s2007 sp s 001 0 spa d
020 ## - INTERNATIONAL STANDARD BOOK NUMBER
International Standard Book Number 9786074386691
040 ## - CATALOGING SOURCE
Original cataloging agency Mx-PuUPA
Language of cataloging spa
Transcribing agency Mx-PuUPA
Modifying agency Mx-PuUPA
Description conventions rda
041 0# - LANGUAGE CODE
Language code of text/sound track or separate title spa
100 1# - MAIN ENTRY--PERSONAL NAME
Personal name Alvarez Rocha, Ma. del Rosario,
9 (RLIN) 9885
Relator term autor
245 10 - TITLE STATEMENT
Title Contabilidad avanzada /
Statement of responsibility, etc. Ma. del Rosario Alvarez Rocha, José Antonio Morales Castro
250 ## - EDITION STATEMENT
Edition statement Primera edición
264 #4 - PRODUCTION, PUBLICATION, DISTRIBUTION, MANUFACTURE, AND COPYRIGHT NOTICE
Place of production, publication, distribution, manufacture México, D.F. :
Name of producer, publisher, distributor, manufacturer Grupo Editorial Patria,
Date of production, publication, distribution, manufacture, or copyright notice ©2013
300 ## - PHYSICAL DESCRIPTION
Extent xvii, 279 páginas ;
Dimensions 25 cm
336 ## - CONTENT TYPE
Content type term texto
Fuente rdacontent
Content type code txt
337 ## - MEDIA TYPE
Media type term sin medio
Source rdamedia
Media type code n
338 ## - CARRIER TYPE
Carrier type term volumen
Source rdacarrier
Carrier type code nc
650 #4 - SUBJECT ADDED ENTRY--TOPICAL TERM
Topical term or geographic name entry element Contabilidad
700 1# - ADDED ENTRY--PERSONAL NAME
Personal name Morales Castro, José Antonio,
Relator term autor
942 ## - ADDED ENTRY ELEMENTS (KOHA)
Source of classification or shelving scheme Dewey Decimal Classification
Koha item type Libro
Classification part 657.046
Item part A472
Existencias
Withdrawn status Lost status Source of classification or shelving scheme Damaged status Not for loan Collection code Home library Current library Shelving location Date acquired Total Checkouts Full call number Barcode Date last seen Price effective from Koha item type
    Dewey Decimal Classification     General Tehuacán Tehuacán Sala general 04/09/2019   657.046 A472 2013 968000000026 08/01/2025 04/09/2019 Libro